000 00547nam a22002057a 4500
003 koha_MIRAKIL
005 20231213100028.0
008 231213b |||||||| |||| 00| 0 ||| d
020 _b978-9-75081414-3
040 _aTR-IsEVY
_btur
_cTR-IsEVY
082 _a811 DAĞ/Y
100 _aDağlarca, Fazıl Hüsnü.
245 0 _aYüzük parmağı
250 _a2. bs.
260 _bYapı Kredi Yayınları,
_c2012
300 _a49 s.
650 _aChildren's literature -- Poems.
650 _aÇocuk edebiyatı -- Şiir.
942 _2ddc
_cBK
999 _c13365
_d13365